<?xml version="1.0" encoding="UTF-8"?><OAI-PMH xmlns="http://www.openarchives.org/OAI/2.0/" xmlns:xsi="http://www.w3.org/2001/XMLSchema-instance"     xsi:schemaLocation="http://www.openarchives.org/OAI/2.0/ http://www.openarchives.org/OAI/2.0/OAI-PMH.xsd"><responseDate>2026-05-16T10:41:13Z</responseDate><request verb="GetRecord" identifier="oai:regmurcia.com:fintegr.513" metadataPrefix="marc21">http://oai.regmurcia.com/oai2/oai2.php</request><GetRecord><record><header><identifier>oai:regmurcia.com:fintegr.513</identifier><datestamp>2026-05-16</datestamp><setSpec>documentos</setSpec></header><metadata><record  xmlns="http://www.loc.gov/MARC21/slim" xmlns:xsi="http://www.w3.org/2001/XMLSchema-instance" xsi:schemaLocation="http://www.loc.gov/MARC21/slim http://www.loc.gov/standards/marcxml/schema/MARC21slim.xsd" type="Bibliographic"><leader>00000nam a2200000   4500</leader><controlfield tag="001" >005073466</controlfield><controlfield tag="003" >513</controlfield><controlfield tag="004" >A00000000</controlfield><datafield tag="245" ind1=" " ind2=" "><subfield code="a">Carta abierta de Fernando IV al adelantado de Murcia comunicándole la concesión de perdón a los habitantes del Reino de Murcia</subfield></datafield><datafield tag="300" ind1=" " ind2=" "><subfield code="c">270 x 220 mm.</subfield></datafield><datafield tag="351" ind1=" " ind2=" "><subfield code="a">Unidad Documental</subfield><subfield code="c">Archivo de Murcia. Array</subfield><subfield code="a">Unidad Documental</subfield><subfield code="c">Archivo de Murcia. Array</subfield></datafield><datafield tag="351" ind1=" " ind2=" "><subfield code="b">Nº 73</subfield></datafield><datafield tag="505" ind1=" " ind2=" "><subfield code="a">/codom/5/036.pdf</subfield></datafield><datafield tag="506" ind1=" " ind2=" "><subfield code="a">Acceso restringido</subfield></datafield><datafield tag="510" ind1=" " ind2=" "><subfield code="a">Pub. TORRES FONTES, JUAN. Documentos de Fernando IV.  Murcia: Academia Alfonso X El Sabio, 1.980, p. 42-43.                                                                        Pub. ESTAL GUTIÉRREZ, JOSE MARÍA DEL.  El reino de Murcia bajo Aragón (1.296-1.305). Corpus Documental I /1. Alicante, 1.985, p. 410-411</subfield></datafield><datafield tag="520" ind1=" " ind2=" "><subfield code="a">Fernando IV comunica a Juan Osorez, adelantado de Murcia, que ha concedido carta de perdón a los habitantes del Reino de Murcia por el tiempo que estuvieron bajo dominio de Aragón, y le ordena que lo haga guardar.</subfield></datafield><datafield tag="583" ind1=" " ind2=" "><subfield code="u">http://www.regmurcia.com/servlet/s.Sl?METHOD=VERDOCUMENTO&amp;sit=serv,Carmesi&amp;n=/01/2042/indice.djvu</subfield></datafield><datafield tag="592" ind1=" " ind2=" "><subfield code="a">1305-02-12</subfield></datafield><datafield tag="592" ind1=" " ind2=" "><subfield code="d">1305-02-12 00:00:00</subfield></datafield><datafield tag="651" ind1=" " ind2=" "><subfield code="a">Guadalajara</subfield></datafield><datafield tag="786" ind1=" " ind2=" "><subfield code="o">http://www.regmurcia.com/servlet/s.Sl?METHOD=VERDOCUMENTO&amp;sit=serv,Carmesi&amp;n=/01/2042/indice.djvu</subfield></datafield><datafield tag="856" ind1=" " ind2=" "><subfield code="u">http://www.regmurcia.com/servlet/s.Sl?METHOD=DETALLE&amp;sit=c,373,m,139,serv,Carmesi&amp;id=513</subfield></datafield></record></metadata></record></GetRecord></OAI-PMH>
